[Event "EOBCC 2020"]
[Site "Online"]
[Date "2020.12.18"]
[Round "10.97"]
[White "Psyk, Radoslaw"]
[Black "Han, Yichen"]
[Result "1-0"]
[WhiteElo "2375"]
[BlackElo "2307"]
[Annotator "NA"]
[PlyCount "99"]
[EventDate "2020.12.18"]
[EventType "tourn"]
[EventCountry "NET"]
[SourceTitle "playchess.com"]
[Source "ChessBase"]
[SourceQuality "1"]

1. e4 c5 2. Nc3 e6 3. f4 Nc6 4. Nf3 g6 5. Bb5 Bg7 6. Bxc6 dxc6 7. d3 Ne7 8. O-O O-O 9. Qe1 b6 10. Qh4 Ba6 11. f5 exf5 12. Bh6 f6 13. e5 Nd5 14. Bxg7 Kxg7 15. Nxd5 cxd5 16. Rae1 h6 17. exf6+ Qxf6 18. Qa4 b5 19. Qa5 Qb6 20. Re7+ Rf7 21. Rxf7+ Kxf7 22. Qd2 Kg7 23. Re1 Qf6 24. d4 c4 25. Qa5 Rf8 26. Qc7+ Rf7 27. Qb8 Re7 28. Re5 Rxe5 29. Nxe5 Qb6 30. Qe8 Qxd4+ 31. Kf1 Qd1+ 32. Kf2 Qd2+ 33. Kf1 Qf4+ 34. Nf3 Qe4 35. Qd7+ Kf6 36. Qd6+ Qe6 37. Qf8+ Qf7 38. Qxh6 b4 39. Qh4+ Kg7 40. Ng5 c3+ 41. Kf2 Qg8 42. Qd4+ Kh6 43. Qh4+ Kg7 44. bxc3 bxc3 45. Qd4+ Kh6 46. h4 Qg7 47. Qe3 Kh5 48. Ne6 Qf6 49. Ng7+ Kg4 50. Qg3# 1-0

[Event "EOBCC 2020"]
[Site "Online"]
[Date "2020.12.18"]
[Round "10.98"]
[White "Seul, Georg"]
[Black "Ivlev, Aleksey"]
[Result "1-0"]
[WhiteElo "2372"]
[BlackElo "2315"]
[Annotator "NA"]
[PlyCount "135"]
[EventDate "2020.12.18"]
[EventType "tourn"]
[EventCountry "NET"]
[SourceTitle "playchess.com"]
[Source "ChessBase"]
[SourceQuality "1"]

1. e4 c6 2. d4 g6 3. Nf3 Bg7 4. c3 d5 5. e5 Nh6 6. Be2 O-O 7. O-O f6 8. c4 Nf7 9. exf6 exf6 10. Nc3 Be6 11. cxd5 cxd5 12. Qb3 Qd7 13. Re1 Nc6 14. Be3 Rad8 15. Rac1 Nd6 16. Na4 Ne4 17. Nc5 Nxc5 18. Rxc5 b6 19. Rcc1 Na5 20. Qb5 Nc4 21. Qxd7 Rxd7 22. b3 Nxe3 23. fxe3 Re8 24. Kf2 Rde7 25. Bb5 Bd7 26. Bxd7 Rxd7 27. Rc3 Rde7 28. Rd1 f5 29. g3 Bf6 30. h4 h6 31. Rc6 Kg7 32. Rd3 g5 33. hxg5 hxg5 34. Rdc3 g4 35. Nh4 Bxh4 36. gxh4 Re4 37. Rc7+ Kf6 38. R3c6+ R8e6 39. Rxe6+ Kxe6 40. Rxa7 f4 41. exf4 Rxf4+ 42. Kg3 Rxd4 43. h5 Kf5 44. Kh4 Rd1 45. Rf7+ Ke6 46. Rb7 d4 47. Kxg4 d3 48. Kf3 Re1 49. Rxb6+ Ke5 50. Rb5+ Kf6 51. Rd5 Re2 52. Rxd3 Rxa2 53. Ke4 Rh2 54. Kd5 Ke7 55. b4 Kd7 56. Kc5+ Kc7 57. Rd5 Rc2+ 58. Kd4 Rb2 59. b5 Kb6 60. Ke5 Rf2 61. Ke6 Rf1 62. Rf5 Rh1 63. Kf7 Rg1 64. h6 Rh1 65. Kg6 Rg1+ 66. Rg5 Ra1 67. h7 Ra8 68. Kh6 1-0

[Event "EOBCC 2020"]
[Site "Online"]
[Date "2020.12.18"]
[Round "10.99"]
[White "Malicka, Maria"]
[Black "Maly, Alexey"]
[Result "1-0"]
[WhiteElo "2291"]
[BlackElo "2371"]
[Annotator "NA"]
[PlyCount "61"]
[EventDate "2020.12.18"]
[EventType "tourn"]
[EventCountry "NET"]
[SourceTitle "playchess.com"]
[Source "ChessBase"]
[SourceQuality "1"]

1. e4 c6 2. d4 d5 3. Nc3 dxe4 4. Nxe4 Bf5 5. Ng3 Bg6 6. h4 h6 7. Nf3 Nd7 8. h5 Bh7 9. Bd3 Bxd3 10. Qxd3 Ngf6 11. Bd2 e6 12. O-O-O Be7 13. Kb1 O-O 14. Ne4 Nxe4 15. Qxe4 Nf6 16. Qe2 Qd5 17. Ne5 c5 18. dxc5 Qxc5 19. g4 Rac8 20. c3 Rfd8 21. g5 hxg5 22. Bxg5 Rxd1+ 23. Rxd1 Rd8 24. Rxd8+ Bxd8 25. h6 Qd5 26. hxg7 Kxg7 27. f4 Bb6 28. Bxf6+ Kxf6 29. a3 Bc7 30. Qh5 Bxe5 31. Qg5# 1-0

[Event "EOBCC 2020"]
[Site "Online"]
[Date "2020.12.18"]
[Round "10.100"]
[White "Coenen, Michael"]
[Black "Hirneise, Jens"]
[Result "1/2-1/2"]
[WhiteElo "2362"]
[BlackElo "2289"]
[Annotator "NA"]
[PlyCount "110"]
[EventDate "2020.12.18"]
[EventType "tourn"]
[EventCountry "NET"]
[SourceTitle "playchess.com"]
[Source "ChessBase"]
[SourceQuality "1"]

1. d4 Nf6 2. Nf3 g6 3. Bg5 Bg7 4. Nbd2 c5 5. c3 cxd4 6. cxd4 O-O 7. e3 d6 8. Bd3 h6 9. Bh4 g5 10. Bg3 Nh5 11. Qb3 Nd7 12. O-O Nb6 13. Ne1 Be6 14. Qd1 Nxg3 15. hxg3 f5 16. Nef3 Qd7 17. Qe2 a6 18. Nc4 Bxc4 19. Bxc4+ d5 20. Bb3 e6 21. Rac1 Rac8 22. Qd2 Rxc1 23. Rxc1 Rc8 24. Rc5 Bf8 25. Rc2 Rxc2 26. Qxc2 Qc8 27. Qxc8 Nxc8 28. Ne5 Bd6 29. Nd3 Kf7 30. Bd1 Ke7 31. g4 Nb6 32. gxf5 exf5 33. b3 Nd7 34. g3 g4 35. Nc1 h5 36. Bc2 Ke6 37. Ne2 Nf6 38. Nc3 Ne4 39. Nxe4 fxe4 40. Bd1 Bb4 41. Kf1 Kd6 42. Be2 Kc6 43. Bd1 Kb6 44. Ke2 Ka5 45. Bc2 Bc3 46. a3 Bb2 47. b4+ Kb5 48. Bb3 Kc6 49. a4 Bc3 50. b5+ axb5 51. axb5+ Kd6 52. Ba2 b6 53. Bb3 Bb4 54. Ba2 Bc3 55. Bb3 Bb4 1/2-1/2

[Event "EOBCC 2020"]
[Site "Online"]
[Date "2020.12.18"]
[Round "10.101"]
[White "Koc, Przemyslaw"]
[Black "Muller, Anthony"]
[Result "1-0"]
[WhiteElo "2346"]
[BlackElo "2269"]
[Annotator "NA"]
[PlyCount "87"]
[EventDate "2020.12.18"]
[EventType "tourn"]
[EventCountry "NET"]
[SourceTitle "playchess.com"]
[Source "ChessBase"]
[SourceQuality "1"]

1. d4 d5 2. Nc3 Nf6 3. Bf4 e6 4. e3 Bb4 5. Bd3 O-O 6. Nf3 c5 7. dxc5 Nbd7 8. Bd6 Re8 9. O-O Nxc5 10. Bxc5 Bxc5 11. e4 Bb4 12. e5 Nd7 13. Nb5 a6 14. Nbd4 Be7 15. c3 Qc7 16. Qe2 Nc5 17. Bc2 Bd7 18. a4 Rec8 19. h4 Be8 20. h5 h6 21. Nd2 Rab8 22. a5 b5 23. axb6 Rxb6 24. Ra2 Rcb8 25. b4 Nd7 26. Qd3 Nf8 27. f4 Bb5 28. Nxb5 axb5 29. Nf3 Rc8 30. f5 Qxc3 31. Qe2 exf5 32. Bxf5 Rd8 33. Ra7 Bxb4 34. Kh1 Qc4 35. Qe3 Bc5 36. Qe1 Rbb8 37. Rc7 Ne6 38. Bxe6 fxe6 39. Nd2 Qc3 40. Rff7 Be3 41. Rxg7+ Kf8 42. Qf1+ Bf4 43. Qxf4+ Ke8 44. Qf7# 1-0

[Event "EOBCC 2020"]
[Site "Online"]
[Date "2020.12.18"]
[Round "10.102"]
[White "Gubajdullin, Alexei"]
[Black "Beydullayeva, Govhar"]
[Result "1-0"]
[WhiteElo "2343"]
[BlackElo "2263"]
[Annotator "ChessBase"]
[PlyCount "125"]
[EventDate "2020.12.18"]
[EventType "tourn"]
[EventCountry "NET"]
[SourceTitle "playchess.com"]
[Source "ChessBase"]
[SourceQuality "1"]

1. d4 Nf6 2. Bf4 g6 3. Nf3 Bg7 4. e3 d6 5. Be2 O-O 6. O-O Nbd7 7. h3 Nh5 8. Bh2 e5 9. c4 f5 10. Nc3 e4 11. Nd2 Nhf6 12. b4 Qe7 13. c5 d5 14. Bxc7 Nxc5 15. Bh2 Ne6 16. Qb3 Rd8 17. Rfc1 b6 18. Nb5 Ba6 19. Qa4 Bxb5 20. Bxb5 Rac8 21. Ba6 Rxc1+ 22. Rxc1 g5 23. Bc8 f4 24. Bxe6+ Qxe6 25. Qxa7 g4 26. Rc7 Bf8 27. Bxf4 gxh3 28. gxh3 Qxh3 29. Qxb6 Qg4+ 30. Bg3 Nh5 31. Nf1 Nxg3 32. Nxg3 Bd6 33. Rc6 Be7 34. Rc1 Bh4 35. Qc7 h5 36. Qf4 Qxf4 37. exf4 e3 38. Kg2 Rb8 39. fxe3 Rxb4 40. Nf5 Rb2+ 41. Kh3 Bf2 42. Rc5 Rxa2 43. Rxd5 Ra3 44. Re5 Kf7 45. d5 Kf6 46. d6 Rd3 47. Kg2 Be1 48. Kf1 Bb4 49. Ke2 Rd2+ 50. Kf3 Bxd6 51. Rb5 Bf8 52. Ng3 Rh2 53. Rb6+ Kf7 54. Nf5 h4 55. Kg4 h3 56. Kg3 Rh1 57. Rb2 Kf6 58. e4 Bc5 59. Rh2 Rg1+ 60. Kxh3 Rf1 61. Kg3 Bd6 62. Rh6+ Kf7 63. Rxd6 1-0

[Event "EOBCC 2020"]
[Site "Online"]
[Date "2020.12.18"]
[Round "10.103"]
[White "Rudzinska, Michalina"]
[Black "Dordzhieva, Dinara"]
[Result "1/2-1/2"]
[WhiteElo "2189"]
[BlackElo "2352"]
[Annotator "ChessBase"]
[PlyCount "183"]
[EventDate "2020.12.18"]
[EventType "tourn"]
[EventCountry "NET"]
[SourceTitle "playchess.com"]
[Source "ChessBase"]
[SourceQuality "1"]

1. e4 c5 2. Nf3 e6 3. d4 cxd4 4. Nxd4 Nf6 5. Bd3 Bc5 6. Nb3 Be7 7. O-O Nc6 8. f4 d6 9. c4 O-O 10. Nc3 a6 11. Qe2 Qc7 12. Bd2 Bd7 13. Rae1 Nb4 14. Bb1 Rac8 15. e5 Ne8 16. exd6 Nxd6 17. Rf3 Qxc4 18. Bxh7+ Kh8 19. Bd3 Nxd3 20. Rxd3 Kg8 21. Qf3 Bc6 22. Qh3 Nf5 23. Kh1 Rfd8 24. Rxd8+ Rxd8 25. Na5 Qc5 26. Nxc6 Qxc6 27. Be3 Nxe3 28. Qxe3 Bc5 29. Qe4 Rd2 30. Qxc6 bxc6 31. Na4 Bd6 32. g3 Kf8 33. Rc1 c5 34. Nxc5 Bxc5 35. Rxc5 Rxb2 36. Ra5 Rb6 37. Kg2 Ke7 38. Kf3 Kd6 39. Ra3 Kc5 40. Rc3+ Kd4 41. Rc7 f5 42. Rxg7 Rb2 43. Re7 Kd5 44. Rd7+ Kc6 45. Re7 Kd6 46. Ra7 Rxa2 47. h4 Ra3+ 48. Kf2 a5 49. h5 Ra2+ 50. Kf3 Rh2 51. Rxa5 Rxh5 52. Ra6+ Ke7 53. Ra7+ Kf6 54. Ra8 Rh1 55. Ra2 Rb1 56. Ra3 Rb2 57. Rc3 Kg6 58. Ra3 Kh5 59. Rc3 Kg6 60. Ra3 Kf6 61. Rc3 Ke7 62. Ra3 Kd6 63. Rc3 Kd5 64. Ra3 Kd4 65. Re3 Rb6 66. Ra3 Rc6 67. Ra4+ Kd5 68. Ra3 Rc4 69. Rd3+ Kc5 70. Re3 Kd6 71. Rd3+ Ke7 72. Ra3 Rb4 73. Rc3 Kd6 74. Ra3 Kd5 75. Rd3+ Kc4 76. Re3 Rb6 77. Ra3 Rc6 78. Re3 Kd4 79. Ra3 Rc1 80. Ra4+ Kd3 81. Ra3+ Kd2 82. Ra2+ Ke1 83. Re2+ Kf1 84. Rxe6 Rc3+ 85. Re3 Rxe3+ 86. Kxe3 Kg2 87. g4 fxg4 88. f5 g3 89. f6 Kh2 90. f7 g2 91. f8=Q g1=Q+ 92. Qf2+ 1/2-1/2

[Event "EOBCC 2020"]
[Site "Online"]
[Date "2020.12.18"]
[Round "10.104"]
[White "Sliwicka, Alicja"]
[Black "Jagodzinski, Piotr"]
[Result "0-1"]
[WhiteElo "2311"]
[BlackElo "2145"]
[Annotator "NA"]
[PlyCount "64"]
[EventDate "2020.12.18"]
[EventType "tourn"]
[EventCountry "NET"]
[SourceTitle "playchess.com"]
[Source "ChessBase"]
[SourceQuality "1"]

1. e4 c6 2. d4 d5 3. e5 Bf5 4. c4 e6 5. Nc3 Nd7 6. a3 Ne7 7. c5 h6 8. Be3 g5 9. Nge2 Bg7 10. Ng3 Bg6 11. Nh5 Bxh5 12. Qxh5 b6 13. b4 a5 14. Rb1 axb4 15. axb4 Ra3 16. Bd2 Nf5 17. Bd3 Nxd4 18. O-O bxc5 19. bxc5 Nxc5 20. Qh3 Bxe5 21. Qe3 Qf6 22. Ra1 Rxa1 23. Rxa1 O-O 24. h4 Bf4 25. hxg5 hxg5 26. Qh3 Nxd3 27. Qxd3 Bxd2 28. Qxd2 Nb3 29. Qb2 Nxa1 30. Qxa1 c5 31. Qc1 Ra8 32. Qd2 Ra1+ 0-1

[Event "EOBCC 2020"]
[Site "Online"]
[Date "2020.12.18"]
[Round "10.105"]
[White "Szczurek, Krzysztof"]
[Black "Koksal, Ege"]
[Result "1/2-1/2"]
[WhiteElo "2031"]
[BlackElo "2353"]
[Annotator "NA"]
[PlyCount "49"]
[EventDate "2020.12.18"]
[EventType "tourn"]
[EventCountry "NET"]
[SourceTitle "playchess.com"]
[Source "ChessBase"]
[SourceQuality "1"]

1. d4 d5 2. Nc3 Nf6 3. Bf4 Bf5 4. e3 e6 5. f3 Bd6 6. g4 Bxf4 7. exf4 Bg6 8. h4 h5 9. g5 Ng8 10. Qd2 Nd7 11. Bd3 Bxd3 12. Qxd3 Ne7 13. Nge2 Nf5 14. O-O-O g6 15. Rdg1 Qe7 16. Ng3 Nxg3 17. Rxg3 c5 18. dxc5 O-O 19. Re1 Qxc5 20. Rxe6 fxe6 21. Qxg6+ Kh8 22. Qh6+ Kg8 23. Qg6+ Kh8 24. Qh6+ Kg8 25. Qg6+ 1/2-1/2

[Event "EOBCC 2020"]
[Site "Online"]
[Date "2020.12.18"]
[Round "10.107"]
[White "Aizenberg, Benny"]
[Black "Koelle, Tobias"]
[Result "1-0"]
[WhiteElo "2279"]
[BlackElo "2340"]
[Annotator "NA"]
[PlyCount "123"]
[EventDate "2020.12.18"]
[EventType "tourn"]
[EventCountry "NET"]
[SourceTitle "playchess.com"]
[Source "ChessBase"]
[SourceQuality "1"]

1. e4 e5 2. Nf3 Nc6 3. Bb5 a6 4. Ba4 Nf6 5. O-O Be7 6. Re1 b5 7. Bb3 O-O 8. a4 Bb7 9. Nc3 b4 10. Nd5 Na5 11. Ba2 b3 12. Nxf6+ Bxf6 13. cxb3 Nc6 14. d3 Qe7 15. Bd2 a5 16. Rc1 Rfc8 17. Bb1 Ba6 18. d4 Bb7 19. dxe5 Nxe5 20. Nd4 g6 21. Bc3 d6 22. f4 Nd7 23. Qg4 h5 24. Qg3 Bh4 25. Nf5 Bxg3 26. Nxe7+ Kf8 27. Nxg6+ fxg6 28. hxg3 Nc5 29. Bc2 Kf7 30. e5 Bd5 31. b4 axb4 32. Bxb4 Nxa4 33. Bxa4 Rxa4 34. Bxd6 c6 35. Ra1 Rca8 36. Rxa4 Rxa4 37. Ba3 Rc4 38. Re2 Rc1+ 39. Kh2 Ke6 40. Bd6 Rf1 41. b4 Rb1 42. Bc5 Ra1 43. Bd4 Ra8 44. Rb2 Rb8 45. Rb1 Kf5 46. Bc5 Rh8 47. b5 h4 48. b6 g5 49. fxg5 Kg4 50. b7 hxg3+ 51. Kg1 Rh2 52. b8=Q Rxg2+ 53. Kf1 Rf2+ 54. Bxf2 Bc4+ 55. Kg2 Bd5+ 56. Kg1 c5 57. Bxg3 Bg2 58. Kxg2 c4 59. Qf8 c3 60. Qf4+ Kh5 61. Rh1+ Kg6 62. Qf6# 1-0

[Event "EOBCC 2020"]
[Site "Online"]
[Date "2020.12.18"]
[Round "10.108"]
[White "Mazi, Leon"]
[Black "Brozyna, Mateusz"]
[Result "1-0"]
[WhiteElo "2340"]
[BlackElo "2312"]
[Annotator "NA"]
[PlyCount "87"]
[EventDate "2020.12.18"]
[EventType "tourn"]
[EventCountry "NET"]
[SourceTitle "playchess.com"]
[Source "ChessBase"]
[SourceQuality "1"]

1. e4 e5 2. Nf3 Nc6 3. Bb5 a6 4. Bxc6 dxc6 5. O-O f6 6. d4 exd4 7. Qxd4 Qxd4 8. Nxd4 c5 9. Ne2 Bd7 10. Bf4 O-O-O 11. Nbc3 Ne7 12. Rad1 h5 13. h4 Bc6 14. f3 Ng6 15. Bg3 Be7 16. Kf2 Rd7 17. Nd5 Rhd8 18. Ne3 Rd2 19. Rxd2 Rxd2 20. Rd1 Rxd1 21. Nxd1 f5 22. exf5 Nxh4 23. Ne3 Bd7 24. Nd5 Bd8 25. f6 gxf6 26. Bxh4 Be6 27. Nef4 Bf7 28. Bxf6 Bxf6 29. Nxf6 Bxa2 30. N4xh5 Bb1 31. c3 b5 32. g4 b4 33. Ne4 bxc3 34. Nxc3 Bg6 35. f4 Kd7 36. f5 Bf7 37. Nf4 Kd6 38. Ke3 Ke5 39. Nd3+ Kd6 40. Kf4 c4 41. Ne5 Bg8 42. g5 Kc5 43. g6 Kb4 44. f6 1-0

[Event "EOBCC 2020"]
[Site "Online"]
[Date "2020.12.18"]
[Round "10.109"]
[White "Colbow, Collin"]
[Black "Radeva, Viktoria"]
[Result "1-0"]
[WhiteElo "2339"]
[BlackElo "2274"]
[Annotator "NA"]
[PlyCount "47"]
[EventDate "2020.12.18"]
[EventType "tourn"]
[EventCountry "NET"]
[SourceTitle "playchess.com"]
[Source "ChessBase"]
[SourceQuality "1"]

1. e4 c5 2. Nf3 e6 3. d4 cxd4 4. Nxd4 a6 5. Nc3 Qc7 6. Be2 b5 7. O-O Bb7 8. Bf3 Nc6 9. Re1 d6 10. Bf4 Nxd4 11. Qxd4 e5 12. Nd5 Qd8 13. Bxe5 Bxd5 14. exd5 dxe5 15. Qxe5+ Be7 16. d6 Ra7 17. Qxg7 Qxd6 18. Qxh8 Qg6 19. Rad1 Kf8 20. Qd4 Rc7 21. Qe5 Rc8 22. Rd7 Bf6 23. Qd5 Kg7 24. Bh5 1-0

[Event "EOBCC 2020"]
[Site "Online"]
[Date "2020.12.18"]
[Round "10.110"]
[White "Marjanovic, Annamaria"]
[Black "Mostbauer, Florian"]
[Result "1-0"]
[WhiteElo "2338"]
[BlackElo "2304"]
[Annotator "NA"]
[PlyCount "105"]
[EventDate "2020.12.18"]
[EventType "tourn"]
[EventCountry "NET"]
[SourceTitle "playchess.com"]
[Source "ChessBase"]
[SourceQuality "1"]

1. c4 c6 2. g3 d5 3. Nf3 Nf6 4. Bg2 Bf5 5. Qb3 Qb6 6. d3 dxc4 7. Qxc4 Nbd7 8. O-O e5 9. Qc2 Be7 10. Nbd2 O-O 11. Nc4 Qc7 12. Bd2 Rfe8 13. Bc3 Bf8 14. Nfd2 Bg6 15. Ne3 Nb6 16. Ba5 Qd7 17. Bxb6 axb6 18. Ndc4 Qc7 19. a4 e4 20. d4 Nd5 21. Nxd5 cxd5 22. Ne3 Qxc2 23. Nxc2 f6 24. Ne3 Bf7 25. Rfc1 Rec8 26. b3 Bb4 27. Bh3 Rc6 28. Bd7 Rc3 29. Rxc3 Bxc3 30. Rd1 Kf8 31. Bh3 g6 32. Nc2 Ke7 33. e3 f5 34. Na3 Bb4 35. Nb5 Be8 36. Rc1 Bxb5 37. axb5 Kd6 38. Bf1 Ra3 39. Rc8 Rxb3 40. Rb8 Kc7 41. Rh8 Rb2 42. Rxh7+ Kb8 43. Rg7 Be1 44. Rxg6 Bxf2+ 45. Kh1 Bxe3 46. Rf6 Rf2 47. Bh3 f4 48. gxf4 Bxf4 49. Rf8+ Kc7 50. Rf7+ Kd6 51. Bf5 Rxh2+ 52. Kg1 e3 53. Rd7# 1-0

[Event "EOBCC 2020"]
[Site "Online"]
[Date "2020.12.18"]
[Round "10.111"]
[White "Chyzy, Jakub"]
[Black "Nazaretyan, Tigran"]
[Result "1/2-1/2"]
[WhiteElo "2250"]
[BlackElo "2316"]
[Annotator "NA"]
[PlyCount "103"]
[EventDate "2020.12.18"]
[EventType "tourn"]
[EventCountry "NET"]
[SourceTitle "playchess.com"]
[Source "ChessBase"]
[SourceQuality "1"]

1. e4 c5 2. Nf3 Nc6 3. d4 cxd4 4. Nxd4 Nf6 5. Nc3 d6 6. f3 e5 7. Nb3 Be7 8. Be3 O-O 9. Qd2 a5 10. a4 Nb4 11. O-O-O Be6 12. Kb1 d5 13. exd5 Nfxd5 14. Nxd5 Bxd5 15. Qf2 Qc7 16. Nc5 Rfc8 17. c4 Bxc5 18. Bxc5 Qxc5 19. Qxc5 Rxc5 20. cxd5 Rxd5 21. Rxd5 Nxd5 22. Bd3 Nf4 23. Be4 Nxg2 24. Bxb7 Rb8 25. Bc6 Rb4 26. Rd1 Rd4 27. Rxd4 exd4 28. b4 axb4 29. a5 Ne3 30. a6 Nc4 31. a7 Nb6 32. a8=Q+ Nxa8 33. Bxa8 g5 34. Be4 h5 35. Kc2 Kg7 36. Kd3 Kf6 37. Kxd4 Ke6 38. h3 f5 39. Bb7 g4 40. hxg4 fxg4 41. fxg4 hxg4 42. Kc4 g3 43. Kxb4 Ke5 44. Bg2 Kf4 45. Bh3 Ke3 46. Kc3 Ke2 47. Kd4 Kf3 48. Kd3 Kf2 49. Ke4 Kg1 50. Kf4 Kh2 51. Bf1 g2 52. Bxg2 1/2-1/2

[Event "EOBCC 2020"]
[Site "Online"]
[Date "2020.12.18"]
[Round "10.112"]
[White "Teterev, Vitaly"]
[Black "Tarasova, Viktoriya"]
[Result "1-0"]
[WhiteElo "2460"]
[BlackElo "2226"]
[Annotator "ChessBase"]
[PlyCount "91"]
[EventDate "2020.12.18"]
[EventType "tourn"]
[EventCountry "NET"]
[SourceTitle "playchess.com"]
[Source "ChessBase"]
[SourceQuality "1"]

1. Nf3 Nf6 2. g3 b6 3. Bg2 Bb7 4. O-O e6 5. d3 c5 6. e4 d6 7. Re1 Nbd7 8. c3 Be7 9. Nbd2 O-O 10. d4 e5 11. d5 g6 12. a4 a6 13. b4 Ne8 14. Nc4 Qc7 15. Bh6 Ng7 16. Rc1 Qd8 17. Qd2 Rc8 18. h4 Rc7 19. h5 Qc8 20. Ne3 Qd8 21. Bh3 Nf6 22. hxg6 hxg6 23. Nc4 Bc8 24. Bxc8 Rxc8 25. a5 bxa5 26. Nxa5 Qd7 27. Nc6 cxb4 28. cxb4 Bd8 29. Kg2 Ng4 30. Rh1 Bb6 31. Rh4 f5 32. Bxg7 Kxg7 33. Rch1 Rh8 34. Ng5 Rxh4 35. Rxh4 Rh8 36. Ne6+ Kg8 37. Qg5 Rxh4 38. gxh4 Qf7 39. Ne7+ Kh7 40. Nxg6 fxe4 41. Ngf8+ Kh8 42. Qxg4 Qxf2+ 43. Kh3 Qf1+ 44. Qg2 Qf5+ 45. Kh2 e3 46. Qg7# 1-0

[Event "EOBCC 2020"]
[Site "Online"]
[Date "2020.12.18"]
[Round "10.113"]
[White "Starosta, Martyna"]
[Black "Czernek, Tymon"]
[Result "1/2-1/2"]
[WhiteElo "2094"]
[BlackElo "2359"]
[Annotator "NA"]
[PlyCount "103"]
[EventDate "2020.12.18"]
[EventType "tourn"]
[EventCountry "NET"]
[SourceTitle "playchess.com"]
[Source "ChessBase"]
[SourceQuality "1"]

1. e4 c5 2. Nf3 d6 3. d4 cxd4 4. Nxd4 Nf6 5. Nc3 a6 6. Bg5 e6 7. f4 Be7 8. Qf3 Qb6 9. O-O-O Bd7 10. g4 Nc6 11. Nb3 O-O-O 12. Bxf6 gxf6 13. Bd3 Kb8 14. Rhe1 Rc8 15. Kb1 Rhg8 16. h3 Na5 17. Nxa5 Qxa5 18. Bf1 Bc6 19. Qd3 Rgd8 20. f5 Bf8 21. Qd4 Bg7 22. g5 exf5 23. gxf6 Bh8 24. Bd3 fxe4 25. Bxe4 Bxe4 26. Nxe4 d5 27. Qe5+ Ka8 28. Nd6 Rc7 29. Rxd5 Bxf6 30. Rxa5 Bxe5 31. Nxf7 Rxf7 32. Raxe5 Rf3 33. h4 Rh3 34. h5 Ka7 35. a3 Rg8 36. b3 Rg2 37. Kb2 Rgh2 38. R1e2 Rxe2 39. Rxe2 Rxh5 40. Re8 Kb6 41. Rh8 Rh3 42. a4 h5 43. Rh6+ Kc5 44. Rh7 b5 45. axb5 axb5 46. Rh6 Rh2 47. Rh8 h4 48. Rh5+ Kb4 49. Rh6 Kc5 50. Rh5+ Kc6 51. Rh6+ Kc5 52. Rh5+ 1/2-1/2

[Event "EOBCC 2020"]
[Site "Online"]
[Date "2020.12.18"]
[Round "10.114"]
[White "Goraj, Barbara"]
[Black "Okhotnik, Vladimir"]
[Result "1-0"]
[WhiteElo "2078"]
[BlackElo "2350"]
[Annotator "NA"]
[PlyCount "207"]
[EventDate "2020.12.18"]
[EventType "tourn"]
[EventCountry "NET"]
[SourceTitle "playchess.com"]
[Source "ChessBase"]
[SourceQuality "1"]

1. e4 c5 2. Nf3 Nf6 3. e5 Nd5 4. Nc3 e6 5. Bc4 Nb6 6. Be2 d5 7. exd6 Bxd6 8. O-O Nc6 9. Ne4 Be7 10. b3 e5 11. Bb2 f6 12. a4 O-O 13. a5 Nd5 14. Bc4 Be6 15. Ba3 b6 16. axb6 axb6 17. Nc3 Nc7 18. Qe2 Qd7 19. Ne4 Bxc4 20. bxc4 Ne6 21. Bb2 Nf4 22. Qe3 h6 23. g3 Ne6 24. Nc3 Ned4 25. Rfc1 Rxa1 26. Bxa1 Nb4 27. Ne1 Qf5 28. d3 Ra8 29. Nd5 Nxd5 30. cxd5 Bd6 31. Bxd4 exd4 32. Qf3 Qxf3 33. Nxf3 b5 34. c3 dxc3 35. Rxc3 b4 36. Rc1 b3 37. Rb1 Rb8 38. Nd2 b2 39. f4 c4 40. Nxc4 Bc5+ 41. Kf1 Bd4 42. Ke2 Kf8 43. Kf3 f5 44. Ke2 Rb5 45. Kd2 Rxd5 46. Nxb2 Rb5 47. Kc2 Ra5 48. Kb3 Kf7 49. Kc4 Bf6 50. d4 Ra8 51. Nd3 Rd8 52. Ne5+ Kg8 53. Rb7 g5 54. d5 Re8 55. Kd4 Rd8 56. Kc5 Rc8+ 57. Kd6 Rd8+ 58. Ke6 Bg7 59. d6 Ra8 60. d7 Ra6+ 61. Kxf5 Bf6 62. Rb8+ Kg7 63. d8=Q Bxd8 64. Rxd8 gxf4 65. gxf4 Rf6+ 66. Ke4 Ra6 67. Rd7+ Kf6 68. Rf7+ Ke6 69. Rh7 Ra4+ 70. Kf3 Kf5 71. Rf7+ Ke6 72. Rf8 h5 73. Rh8 Ra3+ 74. Ke4 Ra4+ 75. Ke3 Ra3+ 76. Nd3 Ra5 77. h4 Rb5 78. Rh6+ Kf7 79. Ne5+ Kg7 80. Rd6 Rb3+ 81. Ke4 Rh3 82. Nf3 Rh1 83. Ra6 Rf1 84. Rc6 Kh7 85. Ng5+ Kg7 86. Kf5 Ra1 87. Rc7+ Kg8 88. Kf6 Ra6+ 89. Ne6 Kh8 90. f5 Ra8 91. Kf7 Rf8+ 92. Kg6 Rg8+ 93. Rg7 Re8 94. Rd7 Rg8+ 95. Kxh5 Rg1 96. Kh6 Kg8 97. Rg7+ Kh8 98. Rh7+ Kg8 99. Rb7 Rh1 100. Kg6 Rg1+ 101. Ng5 Kf8 102. f6 Re1 103. Rb8+ Re8 104. Nh7+ 1-0

[Event "EOBCC 2020"]
[Site "Online"]
[Date "2020.12.18"]
[Round "10.116"]
[White "Myrmus, Mateusz"]
[Black "Dworakowska, Joanna"]
[Result "0-1"]
[WhiteElo "1683"]
[BlackElo "2322"]
[Annotator "NA"]
[PlyCount "50"]
[EventDate "2020.12.18"]
[EventType "tourn"]
[EventCountry "NET"]
[SourceTitle "playchess.com"]
[Source "ChessBase"]
[SourceQuality "1"]

1. e4 c5 2. c3 g6 3. Nf3 Bg7 4. d4 cxd4 5. cxd4 d5 6. e5 Bg4 7. h3 Bxf3 8. Qxf3 Nc6 9. Bb5 Rc8 10. Nc3 e6 11. O-O h6 12. Be3 Nge7 13. Rfc1 O-O 14. Qe2 Nf5 15. Bxc6 bxc6 16. Na4 Qe7 17. Nc5 Rb8 18. b3 Kh7 19. g4 Nh4 20. f4 f5 21. g5 hxg5 22. fxg5 f4 23. Qf2 Qxg5+ 24. Kh1 fxe3 25. Qe2 Rf3 0-1

[Event "EOBCC 2020"]
[Site "Online"]
[Date "2020.12.18"]
[Round "10.117"]
[White "Gevorgyan, Maria"]
[Black "Sowinski, Pawel"]
[Result "1-0"]
[WhiteElo "2228"]
[BlackElo "1767"]
[Annotator "NA"]
[PlyCount "87"]
[EventDate "2020.12.18"]
[EventType "tourn"]
[EventCountry "NET"]
[SourceTitle "playchess.com"]
[Source "ChessBase"]
[SourceQuality "1"]

1. e4 c5 2. Nc3 Nc6 3. Bb5 Nd4 4. Bc4 e6 5. Nge2 Nxe2 6. Qxe2 g6 7. d3 Bg7 8. O-O d6 9. f4 Ne7 10. f5 gxf5 11. exf5 exf5 12. Bg5 f6 13. Bh4 Kf8 14. Rae1 Ng6 15. Bg3 Ne5 16. Bd5 Bd7 17. Nd1 Qc7 18. c3 Re8 19. d4 cxd4 20. cxd4 Ng4 21. Qd3 Rxe1 22. Rxe1 Bh6 23. Qa3 f4 24. Bh4 Bg5 25. Bxg5 fxg5 26. Qd3 Nf6 27. Bb3 d5 28. Nc3 Qd6 29. Re5 h6 30. Nxd5 Nxd5 31. Rxd5 Qe6 32. Re5 Qf6 33. Qc4 Kg7 34. Qb4 Bc6 35. Re7+ Kg6 36. Re6 Re8 37. Rxf6+ Kxf6 38. Qd6+ Kg7 39. Qc7+ Kh8 40. Qf7 g4 41. Bc2 Re1+ 42. Kf2 g3+ 43. Kxe1 gxh2 44. Qh7# 1-0

[Event "EOBCC 2020"]
[Site "Online"]
[Date "2020.12.18"]
[Round "10.118"]
[White "Lukasiewicz, Krzysztof"]
[Black "Dylag, Emilia"]
[Result "1-0"]
[WhiteElo "2359"]
[BlackElo "2082"]
[Annotator "NA"]
[PlyCount "89"]
[EventDate "2020.12.18"]
[EventType "tourn"]
[EventCountry "NET"]
[SourceTitle "playchess.com"]
[Source "ChessBase"]
[SourceQuality "1"]

1. d4 Nf6 2. Bf4 g6 3. Nc3 d5 4. e3 Bg7 5. h4 h5 6. Nf3 O-O 7. Be2 c6 8. Ne5 Qa5 9. Qd2 Bf5 10. f3 Nbd7 11. O-O-O Nxe5 12. Bxe5 b5 13. g4 hxg4 14. fxg4 b4 15. gxf5 bxc3 16. Qxc3 Qxc3 17. bxc3 Ne4 18. Bxg7 Kxg7 19. Rdg1 Nxc3 20. Bd3 Nxa2+ 21. Kd2 Nb4 22. h5 Nxd3 23. Kxd3 g5 24. Rxg5+ Kf6 25. Rhg1 Rh8 26. e4 dxe4+ 27. Kxe4 Rh6 28. Kf4 Rah8 29. Rh1 a5 30. Rh3 a4 31. Rc3 e6 32. fxe6 fxe6 33. Rxc6 Rxh5 34. Rxh5 Rxh5 35. Ra6 Rh4+ 36. Ke3 a3 37. Kd3 Rh3+ 38. Kc4 Rh2 39. Kb3 Rh3+ 40. c3 Kf5 41. Rxa3 e5 42. Ra5 Re3 43. Rxe5+ Rxe5 44. dxe5 Kxe5 45. Kc4 1-0